THE DAY I STOPPED DRINKING MILK (Record no. 3576)
[ view plain ]
| 000 -LEADER | |
|---|---|
| fixed length control field | 00585nam a22001457a 4500 |
| 020 ## - INTERNATIONAL STANDARD BOOK NUMBER | |
| ISBN | 978-0-143-41865-8 |
| 082 ## - DEWEY DECIMAL CLASSIFICATION NUMBER | |
| Classification number | 823 |
| Item number | MUR/D |
| 100 ## - MAIN ENTRY--AUTHOR NAME | |
| Personal name | MURTY, SUDHA |
| 245 ## - TITLE STATEMENT | |
| Title | THE DAY I STOPPED DRINKING MILK |
| Remainder of title | LIFE STORIES FROM HERE AND THERE |
| 260 ## - PUBLICATION, DISTRIBUTION, ETC. (IMPRINT) | |
| Place of publication | GURGAON |
| Name of publisher | PENGUIN BOOKS |
| Year of publication | 2012 |
| 300 ## - PHYSICAL DESCRIPTION | |
| Number of Pages | 212 |
| 520 ## - SUMMARY, ETC. | |
| Summary, etc | The title story “The Day I Stopped Drinking Milk” is about a young girl who stops drinking milk after being told that it is bad for her health. Despite her family's disapproval, she learns to stand up for what she believes in. |
| 650 ## - SUBJECT ADDED ENTRY--TOPICAL TERM | |
| Topical Term | NOVEL |
| Geographic subdivision | INDIA |
| 942 ## - ADDED ENTRY ELEMENTS (KOHA) | |
| Koha item type | Books |
| Withdrawn status | Lost status | Collection code | Home library | Current library | Shelving location | Date acquired | Source of acquisition | Cost, normal purchase price | Full call number | Accession Number | Koha item type |
|---|---|---|---|---|---|---|---|---|---|---|---|
| Fiction | Main Library | Main Library | SHELF 14 H ALPHEBETICAL - M-FICTION | 28/02/2017 | purchase | 199.00 | 823 MUR/D | 09996 | Books |